| 000 | 00691cam a22002413i 4500 | ||
|---|---|---|---|
| 008 | |||
| 020 | _a9780230551602 (pbk.) | ||
| 049 | _aMAIN | ||
| 090 |
_aJC571 _bMOR |
||
| 100 | 1 | _aMorris, Lydia. | |
| 245 | 1 | 0 |
_aHuman rights and social theory / _cLydia Morris. |
| 260 |
_aLondon : _bPalgrave Macmillan, _c2013. |
||
| 300 |
_axi, 192 pages ; _c24 cm. |
||
| 500 | _aIncludes index. | ||
| 500 | _aIncludes bibliographical references. | ||
| 650 | 0 | _aHuman rights. | |
| 650 | 0 |
_aHuman rights _xSocial aspects. |
|
| 907 |
_a.b10352685 _b02-12-14 _c02-12-14 |
||
| 003 | |||
| 005 | 20230123122129.0 | ||
| 040 | _cNUST | ||
| 942 |
_cBOOKS _kJC571 _mMOR |
||
| 999 |
_c128320 _d128320 |
||